[Event "GRENKE Chess Open 2024"]
[Site "Karlsruhe"]
[Date "2024.03.31"]
[Round "7.42"]
[White "Baerwinkel, Tobias"]
[Black "Papaux, Steve"]
[Result "0-1"]
[WhiteElo "2306"]
[BlackElo "2139"]
[Annotator "RC"]
[PlyCount "88"]
[EventDate "2024.03.28"]
[EventType "swiss"]
[EventCountry "GER"]
[SourceTitle "playchess.com"]
[Source "ChessBase"]
[SourceQuality "1"]

1. d4 d5 2. c4 c6 3. Nf3 Nf6 4. g3 Bf5 5. Nc3 e6 6. Qb3 Qb6 7. c5 Qxb3 8. axb3 Na6 9. Ra4 Bc2 10. Bg2 Nd7 11. Bf4 f6 12. Kd2 Bxb3 13. Ra3 Bc4 14. b3 Naxc5 15. dxc5 Bxc5 16. Raa1 Bxb3 17. Rhb1 Bc4 18. Rxb7 e5 19. Na4 Bb5 20. Bh3 Bb4+ 21. Kd1 Rd8 22. Be3 d4 23. Bd2 a5 24. Bxb4 axb4 25. Bxd7+ Rxd7 26. Rb8+ Rd8 27. Rxd8+ Kxd8 28. Nc3 dxc3 29. Ra8+ Kc7 30. Rxh8 b3 31. Ne1 e4 32. Kc1 Bxe2 33. Rxh7 c5 34. Rxg7+ Kc6 35. Rg8 Bd3 36. Nxd3 exd3 37. Rd8 c4 38. h4 c2 39. Rc8+ Kd5 40. Kb2 Kd4 41. Rd8+ Ke4 42. Re8+ Kf3 43. Kc1 Kxf2 44. Rc8 Ke3 0-1

[Event "GRENKE Chess Open 2024"]
[Site "Karlsruhe"]
[Date "2024.03.31"]
[Round "7.42"]
[White "Solonar, Stefan"]
[Black "Petrovskyi, Vadym"]
[Result "0-1"]
[WhiteElo "2271"]
[BlackElo "2421"]
[Annotator "TA"]
[PlyCount "54"]
[EventDate "2024.03.28"]
[EventType "swiss"]
[EventCountry "GER"]
[SourceTitle "playchess.com"]
[Source "ChessBase"]
[SourceQuality "1"]

1. c4 Nf6 2. Nc3 e5 3. Nf3 Nc6 4. g3 d5 5. cxd5 Nxd5 6. Bg2 Nb6 7. O-O Be7 8. a3 a5 9. b3 O-O 10. Bb2 f5 11. d3 Be6 12. Qc2 Qd7 13. Rfd1 Bf6 14. Rab1 Kh8 15. e3 Rad8 16. Ba1 Qe7 17. Nb5 f4 18. exf4 exf4 19. Re1 Bxa1 20. Rxa1 fxg3 21. hxg3 Qd7 22. Ng5 Bg8 23. Ne4 Qf5 24. Nc5 Bd5 25. Be4 Qh3 26. Nxb7 Ne5 27. Nd4 Ng4 0-1

[Event "GRENKE Chess Open 2024"]
[Site "Karlsruhe"]
[Date "2024.03.31"]
[Round "7.42"]
[White "Semling, Johannes"]
[Black "Manish Anto Cristiano F"]
[Result "1/2-1/2"]
[WhiteElo "2143"]
[BlackElo "2286"]
[Annotator "RC"]
[PlyCount "24"]
[EventDate "2024.03.28"]
[EventType "swiss"]
[EventCountry "GER"]
[SourceTitle "playchess.com"]
[Source "ChessBase"]
[SourceQuality "1"]

1. Nf3 Nf6 2. g3 b5 3. Bg2 Bb7 4. O-O e6 5. a4 b4 6. c4 c5 7. d4 cxd4 8. Nxd4 Bxg2 9. Kxg2 Be7 10. Nd2 d5 11. Qb3 O-O 12. N2f3 dxc4 1/2-1/2

[Event "GRENKE Chess Open 2024"]
[Site "Karlsruhe"]
[Date "2024.03.31"]
[Round "7.43"]
[White "Schmider, Niklas"]
[Black "Ramirez Marin, Ivan"]
[Result "1-0"]
[WhiteElo "2421"]
[BlackElo "2272"]
[Annotator "TA"]
[PlyCount "69"]
[EventDate "2024.03.28"]
[EventType "swiss"]
[EventCountry "GER"]
[SourceTitle "playchess.com"]
[Source "ChessBase"]
[SourceQuality "1"]

1. Nf3 d5 2. e3 Nf6 3. c4 e6 4. Nc3 Be7 5. b3 O-O 6. Bb2 c5 7. cxd5 exd5 8. d4 Nc6 9. Be2 Ne4 10. dxc5 Qa5 11. Rc1 Bxc5 12. Qxd5 Re8 13. Ng5 Nxg5 14. Qxg5 h6 15. Qg3 Ba3 16. Bxa3 Qxa3 17. O-O Be6 18. Bf3 Red8 19. Bxc6 bxc6 20. Rc2 Rd3 21. Qe5 Rad8 22. h3 a6 23. Rfc1 c5 24. Kh2 Qb4 25. Ne2 R3d5 26. Qf4 Qa5 27. Nc3 Rf5 28. Qh4 Qc7+ 29. f4 Rd3 30. Qg3 Kh7 31. Ne4 c4 32. bxc4 Qc6 33. Qf3 Qc7 34. Ng3 Rc5 35. Qe4+ 1-0

[Event "GRENKE Chess Open 2024"]
[Site "Karlsruhe"]
[Date "2024.03.31"]
[Round "7.43"]
[White "Koepke, Christian"]
[Black "Boeren, Jurriaan"]
[Result "1/2-1/2"]
[WhiteElo "2305"]
[BlackElo "2137"]
[Annotator "RC"]
[PlyCount "49"]
[EventDate "2024.03.28"]
[EventType "swiss"]
[EventCountry "GER"]
[SourceTitle "playchess.com"]
[Source "ChessBase"]
[SourceQuality "1"]

1. e4 e6 2. d4 d5 3. Nc3 Nf6 4. Bg5 dxe4 5. Nxe4 Be7 6. Nxf6+ Bxf6 7. Bxf6 Qxf6 8. Nf3 O-O 9. Qd3 c5 10. O-O-O Rd8 11. Qe4 cxd4 12. Rxd4 Rxd4 13. Qxd4 Nd7 14. Be2 a6 15. Rd1 Qxd4 16. Nxd4 Kf8 17. Nb3 a5 18. Nd4 Nc5 19. Nb3 Nxb3+ 20. axb3 Ke7 21. Rd4 e5 22. Rd5 f6 23. Bf3 Bd7 24. Rd3 Rb8 25. Rc3 1/2-1/2

[Event "GRENKE Chess Open 2024"]
[Site "Karlsruhe"]
[Date "2024.03.31"]
[Round "7.44"]
[White "Schneider, Jana"]
[Black "Herm, Marcel"]
[Result "0-1"]
[WhiteElo "2303"]
[BlackElo "2079"]
[Annotator "ChessBase"]
[PlyCount "88"]
[EventDate "2024.03.28"]
[EventType "swiss"]
[EventCountry "GER"]
[SourceTitle "playchess.com"]
[Source "ChessBase"]
[SourceQuality "1"]

1. e4 c5 2. Nf3 e6 3. d4 cxd4 4. Nxd4 Nc6 5. Nc3 a6 6. Be3 Nf6 7. Nxc6 bxc6 8. Bd3 Rb8 9. O-O Rxb2 10. Qe2 Be7 11. e5 Nd5 12. Nxd5 cxd5 13. Qg4 g6 14. Bh6 Rb4 15. f4 Bf8 16. Qh3 f5 17. exf6 Bxh6 18. Qxh6 Qxf6 19. a3 Ra4 20. Kh1 Qf8 21. Qh3 Qg7 22. f5 gxf5 23. Bxf5 exf5 24. Qxf5 Rc4 25. Qxd5 Rc6 26. Qh5+ Kd8 27. Qa5+ Rc7 28. Rab1 Rg8 29. g3 Qc3 30. Qf5 Qc6+ 31. Rf3 Bb7 32. Rbb3 Qg6 33. Qf4 Bxf3+ 34. Rxf3 Qe6 35. Qb4 Kc8 36. Kg1 Qc6 37. Rf2 Re8 38. Qa5 Qb5 39. Qd2 Qb1+ 40. Kg2 Qb7+ 41. Kg1 Rc6 42. h4 Rce6 43. Kh2 Re1 44. Rg2 Qxg2+ 0-1

[Event "GRENKE Chess Open 2024"]
[Site "Karlsruhe"]
[Date "2024.03.31"]
[Round "7.44"]
[White "Jahncke, Giso"]
[Black "Hrbek, Stepan"]
[Result "0-1"]
[WhiteElo "2250"]
[BlackElo "2417"]
[Annotator "TA"]
[PlyCount "68"]
[EventDate "2024.03.28"]
[EventType "swiss"]
[EventCountry "GER"]
[SourceTitle "playchess.com"]
[Source "ChessBase"]
[SourceQuality "1"]

1. Nf3 d5 2. g3 Nf6 3. Bg2 c5 4. O-O e6 5. d3 Nc6 6. Nbd2 Be7 7. e4 O-O 8. Re1 b5 9. e5 Nd7 10. Nf1 Bb7 11. h4 Qc7 12. Bf4 Rfc8 13. N1h2 Qd8 14. Kh1 a5 15. h5 h6 16. g4 Nf8 17. Bg3 a4 18. a3 b4 19. Nd2 Nd4 20. f4 b3 21. cxb3 Ba6 22. Nhf3 Bxd3 23. Nxd4 cxd4 24. Nf3 Bc2 25. Qxd4 axb3 26. Qe3 Ra4 27. Nd2 Bc5 28. Qf3 Bd4 29. Rab1 Rb8 30. Bf1 Qa5 31. Re2 Bxb1 32. Nxb1 Qc5 33. Bf2 Qc1 34. Bxd4 Rxd4 0-1

[Event "GRENKE Chess Open 2024"]
[Site "Karlsruhe"]
[Date "2024.03.31"]
[Round "7.45"]
[White "Dourerassou, Jonathan"]
[Black "Lutz, Ruben"]
[Result "1-0"]
[WhiteElo "2414"]
[BlackElo "2270"]
[Annotator "TA"]
[PlyCount "132"]
[EventDate "2024.03.28"]
[EventType "swiss"]
[EventCountry "GER"]
[SourceTitle "playchess.com"]
[Source "ChessBase"]
[SourceQuality "1"]

1. d4 d5 2. Bf4 Nf6 3. e3 c5 4. c3 Nc6 5. Nd2 Bf5 6. Ngf3 e6 7. Ne5 cxd4 8. exd4 Nd7 9. Bb5 Ndxe5 10. Bxe5 f6 11. Bg3 Qb6 12. Qh5+ Bg6 13. Qe2 Bf7 14. Nf3 Be7 15. O-O O-O 16. Rfe1 Kh8 17. Bd3 Rac8 18. Rad1 Rfe8 19. Qd2 Bf8 20. Re2 Ne7 21. Rde1 Ng6 22. h4 Bd6 23. h5 Nf8 24. h6 Bxg3 25. fxg3 Bg6 26. hxg7+ Kxg7 27. Nh4 Qc7 28. Kh2 Qf7 29. Rf2 Bxd3 30. Qxd3 Qh5 31. Ref1 f5 32. Rh1 Ng6 33. Kg1 Qg4 34. Rh3 Re7 35. Qe3 Qe4 36. Qg5 Qg4 37. Rxf5 Qxg5 38. Rxg5 Rf8 39. Nf3 Rf5 40. Rxf5 exf5 41. Rh5 f4 42. Kf2 fxg3+ 43. Kxg3 Re2 44. Rxd5 Rxg2+ 45. Kxg2 Nf4+ 46. Kg3 Nxd5 47. c4 Ne3 48. b3 Kf6 49. Kf4 Ng2+ 50. Ke4 h5 51. c5 h4 52. b4 h3 53. b5 Nh4 54. a4 Nf5 55. a5 a6 56. b6 Ng3+ 57. Kd3 Nf5 58. Ke4 Ng3+ 59. Kd5 Nf5 60. Nh2 Ne3+ 61. Kd6 Nc4+ 62. Kc7 Nxa5 63. d5 Ke5 64. c6 bxc6 65. d6 Ke6 66. d7 Kd5 1-0

[Event "GRENKE Chess Open 2024"]
[Site "Karlsruhe"]
[Date "2024.03.31"]
[Round "7.45"]
[White "Reller, Ole"]
[Black "Korchynskyi, Mykola"]
[Result "0-1"]
[WhiteElo "2077"]
[BlackElo "2297"]
[Annotator "RC"]
[PlyCount "68"]
[EventDate "2024.03.28"]
[EventType "swiss"]
[EventCountry "GER"]
[SourceTitle "playchess.com"]
[Source "ChessBase"]
[SourceQuality "1"]

1. c4 e6 2. Nc3 d5 3. d4 Nf6 4. cxd5 exd5 5. Bg5 Be7 6. e3 h6 7. Bh4 O-O 8. Bd3 b6 9. Nf3 Bb7 10. O-O Nbd7 11. Rc1 c5 12. Re1 Ne4 13. Bxe7 Qxe7 14. dxc5 bxc5 15. Qa4 c4 16. Bf1 Ndc5 17. Qa3 Qf6 18. Red1 Rfd8 19. Nb5 Qb6 20. Nbd4 a5 21. b3 Qb4 22. Qxb4 axb4 23. bxc4 Na4 24. Nb5 Nac3 25. Nxc3 Nxc3 26. Rd4 Nxa2 27. Re1 b3 28. Rb1 dxc4 29. Rxc4 Bd5 30. Rxb3 Bxc4 31. Bxc4 Rd1+ 32. Bf1 Nc1 33. Rb2 Ra1 34. h4 Rxf1+ 0-1

[Event "GRENKE Chess Open 2024"]
[Site "Karlsruhe"]
[Date "2024.03.31"]
[Round "7.46"]
[White "Hecht, Carsten"]
[Black "Soucek, Jan"]
[Result "0-1"]
[WhiteElo "2295"]
[BlackElo "2077"]
[Annotator "ChessBase"]
[PlyCount "64"]
[EventDate "2024.03.28"]
[EventType "swiss"]
[EventCountry "GER"]
[SourceTitle "playchess.com"]
[Source "ChessBase"]
[SourceQuality "1"]

1. d4 Nf6 2. c4 e6 3. Nf3 Bb4+ 4. Bd2 Qe7 5. Nc3 Bxc3 6. Bxc3 Ne4 7. Rc1 d6 8. Bb4 O-O 9. Qc2 f5 10. g3 Nc6 11. Ba3 e5 12. d5 Nb8 13. Bg2 a5 14. c5 Na6 15. cxd6 cxd6 16. Nd2 b5 17. Nxe4 fxe4 18. Qc6 Qa7 19. Bxd6 Qxf2+ 20. Kd2 Bg4 21. Qxb5 Rfd8 22. Rc6 Qxg2 23. Rhc1 Nb4 24. Bxb4 e3+ 25. Kxe3 axb4 26. Rd1 Qxh2 27. d6 Qxg3+ 28. Kd2 Qf4+ 29. Kc2 Bf5+ 30. Kb3 Be6+ 31. Kc2 Qe4+ 32. Kc1 Rxa2 0-1

[Event "GRENKE Chess Open 2024"]
[Site "Karlsruhe"]
[Date "2024.03.31"]
[Round "7.46"]
[White "Smeets, Kobe"]
[Black "Gnojek, Petr"]
[Result "1/2-1/2"]
[WhiteElo "2244"]
[BlackElo "2414"]
[Annotator "TA"]
[PlyCount "100"]
[EventDate "2024.03.28"]
[EventType "swiss"]
[EventCountry "GER"]
[SourceTitle "playchess.com"]
[Source "ChessBase"]
[SourceQuality "1"]

1. e4 d6 2. d4 Nf6 3. Nc3 g6 4. Be3 a6 5. f3 b5 6. Qd2 Nbd7 7. a4 b4 8. Nce2 a5 9. g4 Nb6 10. Ng3 h5 11. g5 h4 12. gxf6 hxg3 13. Qg2 Rxh2 14. Rxh2 gxh2 15. fxe7 Qxe7 16. Qxh2 Bd7 17. b3 Bg7 18. O-O-O Nd5 19. Bd2 Nb6 20. Be3 Kd8 21. Bf4 Kc8 22. Bh3 Bxh3 23. Qxh3+ Kb7 24. Qf1 c6 25. Ne2 Rh8 26. Qg2 d5 27. e5 Nd7 28. Kb1 Qh4 29. Bg3 Qh3 30. Qf2 Qf5 31. Nf4 g5 32. Nd3 Bf8 33. Re1 Be7 34. Qg2 Nf8 35. Rh1 Rh7 36. Rxh7 Qxh7 37. Bf2 Ne6 38. Qg4 Kc7 39. Be3 Kd7 40. Bxg5 Bxg5 41. Nc5+ Ke7 42. Nxe6 Qh1+ 43. Ka2 Bd2 44. Nc5 Qc1 45. Qd7+ Kf8 46. Ne6+ fxe6 47. Qd8+ Kg7 48. Qe7+ Kh6 49. Qxe6+ Kh5 50. Qg4+ Kh6 1/2-1/2

[Event "GRENKE Chess Open 2024"]
[Site "Karlsruhe"]
[Date "2024.03.31"]
[Round "7.46"]
[White "Raum, Sebastian"]
[Black "Hourigan, Gerrit"]
[Result "1/2-1/2"]
[WhiteElo "2126"]
[BlackElo "2278"]
[Annotator "ChessBase"]
[PlyCount "68"]
[EventDate "2024.03.28"]
[EventType "swiss"]
[EventCountry "GER"]
[SourceTitle "playchess.com"]
[Source "ChessBase"]
[SourceQuality "1"]

1. e4 c6 2. d4 d5 3. e5 c5 4. dxc5 e6 5. a3 Bxc5 6. Nf3 Nd7 7. c4 Ne7 8. b4 Bb6 9. Bb2 O-O 10. g3 f6 11. exf6 Nxf6 12. Bg2 Bd7 13. Nbd2 Rc8 14. c5 Bc7 15. O-O b6 16. Rc1 bxc5 17. bxc5 Rb8 18. Bc3 Nc6 19. Re1 Qe7 20. Ne5 Nxe5 21. Bxe5 Bxe5 22. Rxe5 Rbc8 23. Nb3 Ba4 24. Bh3 Rc6 25. Qd3 Nd7 26. Re2 Bxb3 27. Qxb3 Nf6 28. Bg2 Rxc5 29. Rxc5 Qxc5 30. Rxe6 Kh8 31. Qb4 Qc1+ 32. Re1 Qc8 33. h3 h6 34. Re7 a6 1/2-1/2

[Event "GRENKE Chess Open 2024"]
[Site "Karlsruhe"]
[Date "2024.03.31"]
[Round "7.47"]
[White "Garifullina, Leya"]
[Black "Volkov, Mykyta"]
[Result "0-1"]
[WhiteElo "2413"]
[BlackElo "2256"]
[Annotator "RC"]
[PlyCount "120"]
[EventDate "2024.03.28"]
[EventType "swiss"]
[EventCountry "GER"]
[SourceTitle "playchess.com"]
[Source "ChessBase"]
[SourceQuality "1"]

1. e4 e6 2. d4 d5 3. Nc3 Nf6 4. Bg5 dxe4 5. Nxe4 Be7 6. Nxf6+ Bxf6 7. Bxf6 Qxf6 8. Nf3 c5 9. Qd2 cxd4 10. Qxd4 Nd7 11. O-O-O Qxd4 12. Nxd4 Nc5 13. Be2 Bd7 14. f4 Ke7 15. Bf3 Rac8 16. Rhe1 Rc7 17. Nf5+ Kf6 18. Nd6 Bc6 19. Bxc6 Rxc6 20. c4 Rd8 21. Ne4+ Ke7 22. Rxd8 Kxd8 23. Kd2 Ke7 24. b4 Nxe4+ 25. Rxe4 Ra6 26. c5 Rxa2+ 27. Kc3 Rxg2 28. b5 Ra2 29. Rd4 h5 30. h4 Ra1 31. Rd2 Ra4 32. Kb3 Rxf4 33. c6 bxc6 34. bxc6 Rf1 35. Rd7+ Kf6 36. Kb4 Rc1 37. Kb5 e5 38. Rxa7 e4 39. Ra8 Ke5 40. Kb6 e3 41. c7 f5 42. c8=Q Rxc8 43. Rxc8 Kd4 44. Rd8+ Kc3 45. Rc8+ Kd2 46. Rd8+ Ke1 47. Rf8 g6 48. Rf6 e2 49. Rxg6 f4 50. Rf6 Kd2 51. Rxf4 e1=Q 52. Rc4 Kd3 53. Ra4 Qe6+ 54. Kb5 Qd7+ 55. Ka5 Ke3 56. Rc4 Kf3 57. Kb4 Kg3 58. Kc3 Qd5 59. Rb4 Qc5+ 60. Rc4 Qxc4+ 0-1

[Event "GRENKE Chess Open 2024"]
[Site "Karlsruhe"]
[Date "2024.03.31"]
[Round "7.47"]
[White "Trifan, Andrei Ioan"]
[Black "Giorgadze, Giorgi"]
[Result "1/2-1/2"]
[WhiteElo "2294"]
[BlackElo "2569"]
[Annotator "TA"]
[PlyCount "130"]
[EventDate "2024.03.28"]
[EventType "swiss"]
[EventCountry "GER"]
[SourceTitle "playchess.com"]
[Source "ChessBase"]
[SourceQuality "1"]

1. e4 e6 2. d4 d5 3. Nd2 Nf6 4. e5 Nfd7 5. Bd3 c5 6. c3 Nc6 7. Ne2 cxd4 8. cxd4 f6 9. exf6 Nxf6 10. O-O Bd6 11. Nf3 O-O 12. Bf4 Qc7 13. Bxd6 Qxd6 14. Rc1 Bd7 15. Bb5 Ne7 16. Bxd7 Nxd7 17. Qb3 Nb6 18. Ne5 Rac8 19. g3 Nc6 20. Qe3 Nxe5 21. dxe5 Qb8 22. b3 Nd7 23. f4 Rxc1 24. Rxc1 Rc8 25. Nd4 Rxc1+ 26. Qxc1 Nf8 27. Qc5 Qe8 28. Kg2 b6 29. Qc2 Qd7 30. h4 a5 31. g4 Qe7 32. Kg3 Qb4 33. Nf3 Qc5 34. Qd3 Qc7 35. Qa6 g6 36. Qa8 Qc5 37. Qd8 Qc6 38. h5 gxh5 39. Qg5+ Kh8 40. Qf6+ Kg8 41. Qg5+ Kh8 42. Qxh5 Qd7 43. Nd4 Qe7 44. Nf3 Nd7 45. Ng5 Kg8 46. Kh3 d4 47. Ne4 Qf7 48. Qg5+ Kf8 49. Qh6+ Kg8 50. Qg5+ Kf8 51. Nd6 Qe7 52. Qh6+ Kg8 53. Kg3 d3 54. Kf2 Nf8 55. Ke3 Qc7 56. Kxd3 Qc1 57. Qg5+ Ng6 58. Qd8+ Nf8 59. Qg5+ Ng6 60. Qd8+ Nf8 61. Ne4 Qb1+ 62. Ke3 Qe1+ 63. Kf3 Qh1+ 64. Ke3 Qe1+ 65. Kd3 Qb1+ 1/2-1/2

[Event "GRENKE Chess Open 2024"]
[Site "Karlsruhe"]
[Date "2024.03.31"]
[Round "7.48"]
[White "Degardin, Sylvain"]
[Black "Bochnicka, Vladimir"]
[Result "0-1"]
[WhiteElo "2235"]
[BlackElo "2413"]
[Annotator "TA"]
[PlyCount "56"]
[EventDate "2024.03.28"]
[EventType "swiss"]
[EventCountry "GER"]
[SourceTitle "playchess.com"]
[Source "ChessBase"]
[SourceQuality "1"]

1. e4 e5 2. Nf3 Nc6 3. Bb5 a6 4. Ba4 Nf6 5. O-O b5 6. Bb3 Bc5 7. a4 Rb8 8. c3 d6 9. d4 Bb6 10. a5 Ba7 11. h3 O-O 12. Be3 exd4 13. cxd4 h6 14. Nbd2 Nb4 15. Qb1 Bb7 16. Re1 Re8 17. d5 Bxe3 18. Rxe3 c6 19. dxc6 Nxc6 20. Qa2 Re7 21. Nf1 Nxe4 22. Bxf7+ Rxf7 23. Rxe4 Qf6 24. Re6 Qf4 25. N1h2 Nd4 26. Re7 Nxf3+ 27. Nxf3 Bxf3 28. gxf3 Qg5+ 0-1

[Event "GRENKE Chess Open 2024"]
[Site "Karlsruhe"]
[Date "2024.03.31"]
[Round "7.48"]
[White "Semling, Julius"]
[Black "Garner, Isaac"]
[Result "0-1"]
[WhiteElo "2046"]
[BlackElo "2294"]
[Annotator "RC"]
[PlyCount "104"]
[EventDate "2024.03.28"]
[EventType "swiss"]
[EventCountry "GER"]
[SourceTitle "playchess.com"]
[Source "ChessBase"]
[SourceQuality "1"]

1. Nf3 Nf6 2. c4 e6 3. g3 b6 4. Bg2 Bb7 5. O-O Be7 6. b3 O-O 7. Bb2 c5 8. Nc3 d5 9. Ne5 Nbd7 10. cxd5 Nxe5 11. d6 Bxg2 12. dxe7 Qxe7 13. Kxg2 Qb7+ 14. Kg1 Rfd8 15. Qc1 Rd7 16. d3 Nc6 17. f3 Nd4 18. Rf2 e5 19. Qf1 b5 20. e3 Ne6 21. Ne4 Nd5 22. Re1 Nb4 23. Rd2 Rad8 24. Red1 f5 25. Qh3 Rf7 26. f4 exf4 27. gxf4 fxe4 28. Qxe6 Nxd3 29. Rg2 Kh8 30. Rg5 Re7 31. Qh6 Rd5 32. Ba1 Rxg5+ 33. Qxg5 Kg8 34. f5 h6 35. Qg6 Qd5 36. Rd2 Rf7 37. f6 Qe6 38. Rg2 Ne1 39. fxg7 Nf3+ 40. Kh1 Qxg6 41. Rxg6 Rd7 42. Re6 Rd1+ 43. Kg2 Rxa1 44. Rxe4 Ng5 45. Re8+ Kxg7 46. Re7+ Kg6 47. Rxa7 c4 48. bxc4 bxc4 49. h4 c3 50. Rc7 Rxa2+ 51. Kg3 Ne4+ 52. Kf4 Nf6 0-1

[Event "GRENKE Chess Open 2024"]
[Site "Karlsruhe"]
[Date "2024.03.31"]
[Round "7.49"]
[White "Lumachi, Gabriele"]
[Black "Gajcin, Marina"]
[Result "1-0"]
[WhiteElo "2413"]
[BlackElo "2241"]
[Annotator "TA"]
[PlyCount "113"]
[EventDate "2024.03.28"]
[EventType "swiss"]
[EventCountry "GER"]
[SourceTitle "playchess.com"]
[Source "ChessBase"]
[SourceQuality "1"]

1. d4 Nf6 2. c4 e6 3. Nc3 Bb4 4. e3 O-O 5. Bd2 d6 6. Bd3 e5 7. Nge2 Re8 8. O-O Nc6 9. d5 Ne7 10. Ne4 Nxe4 11. Bxb4 Nf6 12. Ng3 Ng6 13. h3 a5 14. Bc3 c6 15. dxc6 bxc6 16. Ne4 d5 17. Nxf6+ Qxf6 18. f4 Qd6 19. Kh1 e4 20. Be2 Ne7 21. g4 c5 22. Be5 Qh6 23. Kh2 d4 24. exd4 Nc6 25. dxc5 Nxe5 26. fxe5 Qe3 27. Rc1 Bb7 28. Rc3 Qxc5 29. Qd6 Rxe5 30. Qxc5 Rxc5 31. Kg3 g6 32. b3 Rd8 33. a3 Rd2 34. b4 Rc8 35. Re3 axb4 36. axb4 Ra8 37. Rf6 Raa2 38. Rb6 Rxe2 39. Rxe2 Rxe2 40. Rxb7 g5 41. c5 Rc2 42. Re7 Rc4 43. Re5 f6 44. Re7 Kf8 45. Rxh7 Rxb4 46. c6 Rc4 47. c7 Ke8 48. Kf2 Rc1 49. Ke3 Rc4 50. Rg7 Rc1 51. Kxe4 Re1+ 52. Kf5 Kf8 53. Rh7 Kg8 54. Rd7 Rc1 55. Kg6 Kf8 56. Rd8+ Ke7 57. c8=Q 1-0

[Event "GRENKE Chess Open 2024"]
[Site "Karlsruhe"]
[Date "2024.03.31"]
[Round "7.49"]
[White "Lumachi, Gabriele"]
[Black "Gajcin, Marina"]
[Result "*"]
[WhiteElo "2413"]
[BlackElo "2241"]
[Annotator "RC"]
[PlyCount "46"]
[EventDate "2024.03.28"]
[EventType "swiss"]
[EventCountry "GER"]
[SourceTitle "playchess.com"]
[Source "ChessBase"]
[SourceQuality "1"]

1. e4 c6 2. Nc3 d5 3. Nf3 dxe4 4. Nxe4 Nf6 5. Qe2 Nxe4 6. Qxe4 Nd7 7. d4 Nf6 8. Qh4 Bf5 9. Bg5 h6 10. Bxf6 exf6 11. O-O-O Be7 12. Bd3 Bxd3 13. Rxd3 O-O 14. Re1 Bd6 15. Nd2 Qc7 16. Rh3 Rfe8 17. f3 Bf4 18. Kd1 Rad8 19. Re4 Bg5 20. Qg4 g6 21. f4 f5 22. Qg3 fxe4 23. Qg4 Qxf4 *

[Event "GRENKE Chess Open 2024"]
[Site "Karlsruhe"]
[Date "2024.03.31"]
[Round "7.49"]
[White "Goossens, Hanne"]
[Black "Gentemann, Moritz"]
[Result "0-1"]
[WhiteElo "2125"]
[BlackElo "2276"]
[Annotator "ChessBase"]
[PlyCount "68"]
[EventDate "2024.03.28"]
[EventType "swiss"]
[EventCountry "GER"]
[SourceTitle "playchess.com"]
[Source "ChessBase"]
[SourceQuality "1"]

1. e4 c5 2. c3 Nf6 3. e5 Nd5 4. Nf3 d6 5. Bb5+ Nc6 6. d4 cxd4 7. Nxd4 Bd7 8. exd6 Nxd4 9. Bxd7+ Qxd7 10. Qxd4 Qxd6 11. O-O e6 12. b3 Nf6 13. Be3 Be7 14. Nd2 O-O 15. Nc4 Qa6 16. Qd3 Rfd8 17. Qe2 b5 18. Nd2 Nd5 19. Bd4 Rac8 20. Qf3 Bf6 21. Bxf6 Nxf6 22. Rfd1 Qa5 23. b4 Qa3 24. Nf1 Nd5 25. Rac1 h6 26. Qd3 Rf8 27. Qxb5 Nxc3 28. Qd3 Ne2+ 29. Qxe2 Rxc1 30. Rxc1 Qxc1 31. Qa6 Qc7 32. a4 Rd8 33. a5 Rd1 34. b5 Qc4 0-1

[Event "GRENKE Chess Open 2024"]
[Site "Karlsruhe"]
[Date "2024.03.31"]
[Round "7.49"]
[White "Engel, Bruno"]
[Black "Weber, Samuel"]
[Result "1/2-1/2"]
[WhiteElo "2007"]
[BlackElo "2293"]
[Annotator "RC"]
[PlyCount "138"]
[EventDate "2024.03.28"]
[EventType "swiss"]
[EventCountry "GER"]
[SourceTitle "playchess.com"]
[Source "ChessBase"]
[SourceQuality "1"]

1. d4 Nf6 2. c4 e6 3. Nf3 b6 4. g3 Ba6 5. b3 Bb4+ 6. Bd2 Be7 7. Nc3 d5 8. cxd5 exd5 9. Bg2 O-O 10. O-O Nbd7 11. a3 Bb7 12. Bf4 c5 13. Ne5 a6 14. dxc5 Nxc5 15. b4 Nce4 16. Nxe4 Nxe4 17. Qb3 g5 18. Rad1 Qe8 19. Be3 Qb5 20. Nd7 Rfd8 21. Nxb6 Rab8 22. Na4 Rbc8 23. f3 Nd6 24. Nb6 Rc7 25. Nxd5 Bxd5 26. Rxd5 Qxe2 27. Bc5 Nc4 28. Rxd8+ Bxd8 29. Qd1 Qxd1 30. Rxd1 Be7 31. Rd5 Nxa3 32. Bxe7 Rxe7 33. Rxg5+ Kf8 34. Bf1 Nc2 35. Bxa6 Nxb4 36. Bc4 Nc6 37. Kg2 Ne5 38. Bd5 h6 39. Rh5 Kg7 40. f4 Ng4 41. Bf3 Nf6 42. Ra5 Rc7 43. g4 Rc4 44. Rf5 Ne4 45. Bxe4 Rxe4 46. Kf3 Ra4 47. Re5 Ra1 48. Ke4 Rh1 49. Rh5 Ra1 50. Rd5 Rh1 51. Rd2 Kg6 52. Kf3 Rg1 53. Rg2 Rf1+ 54. Rf2 Rg1 55. Rd2 Kg7 56. Rd6 Kh7 57. Rd7 Kg7 58. Rd6 Kh7 59. h3 Kg7 60. Ke4 Re1+ 61. Kf5 Rh1 62. Rd3 Rh2 63. Rg3 Rh1 64. g5 hxg5 65. Rxg5+ Kf8 66. Kg4 Rg1+ 67. Kh5 Rf1 68. Rg4 Rf3 69. Kh4 Ke7 1/2-1/2

[Event "GRENKE Chess Open 2024"]
[Site "Karlsruhe"]
[Date "2024.03.31"]
[Round "7.50"]
[White "Heberla, Bartlomiej"]
[Black "Grahn, Vidar"]
[Result "1/2-1/2"]
[WhiteElo "2557"]
[BlackElo "2226"]
[Annotator "TA"]
[PlyCount "78"]
[EventDate "2024.03.28"]
[EventType "swiss"]
[EventCountry "GER"]
[SourceTitle "playchess.com"]
[Source "ChessBase"]
[SourceQuality "1"]

1. e4 c6 2. d4 d5 3. exd5 cxd5 4. c4 Nf6 5. Nc3 e6 6. Nf3 Be7 7. cxd5 Nxd5 8. Bd3 Nc6 9. O-O O-O 10. Bb1 Nxc3 11. bxc3 Qd5 12. Qd3 Qh5 13. Re1 Rd8 14. a4 Bf6 15. Bf4 g6 16. Qb5 Rd5 17. Qe2 Rd8 18. Qb5 Ne7 19. Qxh5 gxh5 20. Be4 Ng6 21. Be3 Rb8 22. a5 Bd7 23. Reb1 Bc6 24. Bxc6 bxc6 25. Ne5 Nxe5 26. dxe5 Bxe5 27. Bxa7 Ra8 28. Bb6 Rdb8 29. Ra3 c5 30. c4 Bc7 31. Rab3 Bxb6 32. Rxb6 Rxb6 33. axb6 Rb8 34. b7 Kf8 35. Rb5 Ke7 36. Rxc5 Rxb7 37. g3 f5 38. Kg2 Kd6 39. Rc8 Ke5 1/2-1/2

[Event "GRENKE Chess Open 2024"]
[Site "Karlsruhe"]
[Date "2024.03.31"]
[Round "7.51"]
[White "Kozul, Zdenko"]
[Black "Joeres, Stefan"]
[Result "1-0"]
[WhiteElo "2529"]
[BlackElo "2227"]
[Annotator "TA"]
[PlyCount "81"]
[EventDate "2024.03.28"]
[EventType "swiss"]
[EventCountry "GER"]
[SourceTitle "playchess.com"]
[Source "ChessBase"]
[SourceQuality "1"]

1. Nf3 c5 2. e3 Nc6 3. Bb5 Nf6 4. O-O g6 5. d4 cxd4 6. exd4 a6 7. Be2 d5 8. c3 Bg7 9. h3 O-O 10. Bf4 Bf5 11. Nbd2 b5 12. Ne5 Nxe5 13. Bxe5 Ne4 14. Bxg7 Kxg7 15. Nxe4 Bxe4 16. a4 Rb8 17. axb5 axb5 18. b4 Qc7 19. Qd2 Rfc8 20. Rfc1 Bf5 21. Qe3 Rb6 22. Bf1 Re6 23. Qf3 Be4 24. Qd1 Rb6 25. Ra5 Rc6 26. Ra3 Rb6 27. Ra5 Rc6 28. Rxb5 Rxc3 29. Rc5 Rxc5 30. dxc5 Rd8 31. Bd3 Qf4 32. Bxe4 Qxe4 33. Qd2 d4 34. b5 Qd5 35. Qb2 f6 36. c6 d3 37. c7 d2 38. Rd1 Rc8 39. b6 Qb7 40. Rxd2 h5 41. Rd7 1-0